The 25 best time management tools and techniques (Record no. 181259)

MARC details
000 -LEADER
fixed length control field 00448nam a2200157Ia 4500
005 - DATE AND TIME OF LATEST TRANSACTION
control field 20250428103231.0
008 - FIXED-LENGTH DATA ELEMENTS--GENERAL INFORMATION
fixed length control field 231217s9999 xx 000 0 und d
020 ## - INTERNATIONAL STANDARD BOOK NUMBER
International Standard Book Number 9781906465032
082 ## - DEWEY DECIMAL CLASSIFICATION NUMBER
Classification number 658.4093 DOD;1 R
100 ## - MAIN ENTRY--PERSONAL NAME
Personal name Dodd, Pamela. Sundheim, Doug
245 #4 - TITLE STATEMENT
Title The 25 best time management tools and techniques
260 ## - PUBLICATION, DISTRIBUTION, ETC. (IMPRINT)
Date of publication, distribution, etc. 2008
Name of publisher, distributor, etc. Capstone
Place of publication, distribution, etc. Chichester
300 ## - PHYSICAL DESCRIPTION
Extent 128
650 ## - SUBJECT ADDED ENTRY--TOPICAL TERM
Topical term or geographic name as entry element 25,time,management,tools,techniques
942 ## - ADDED ENTRY ELEMENTS (KOHA)
Koha item type Books
Holdings
Date last seen Total Checkouts Full call number Accession number Old discount Cost, replacement price Price effective from Category Lost status Damaged status Department Withdrawn status bill no. bill date Permanent Location Current Location Shelving location Entry date Vendor Cost, normal purchase price Grants Currency symbol Conversion rate Discount Discount type
26/01/2024   658.4093 DOD;1 R 50390 20 541.79 26/01/2024 Books     Central Library   2008/CRB/0001011 27/08/2011 Central Library Central Library Central Library 25/09/2008 Intact Book House Pvt Ltd 14.95 MBA USD 45.3 2.99 Rupees

© For any Suggestions or Query, please contact the library staff @ librarian@pes.edu or Phone: +9180 2672 1983/ 2108.